Diseño del plan estratégico de la empresa solución tecnológicas S, A ubicada en la ciudad de Managua

Presenta el diseño de un plan estratégico en la empresa Soluciones Tecnológicas A.S, ubicada en la ciudad de Managua. El plan estratégico ayudará al negocio a mantener un enfoque de futuro mediante acciones diarias que lo acerquen cada vez más a las metas que se propone y alcanzar una posició...

Full description

Bibliographic Details
Main Author: Castillo Jarquín, Karla Patricia
Other Authors: Tutor: Martínez Zúniga, Leonel Antonio
Format: Tesis Section = Libro
Language:Undetermined
Spanish
Published: Managua UNI 2016
Subjects:
LEADER 01303nam a2200265Ia 4500
008 240830s9999 xx 000 0 und d
040 |a BIBLIOTECA-RUPAP T.Mon 658.4012 C352 
041 |a spa 
082 |a T.Mon 658.4012 C352 
100 1 |a Castillo Jarquín, Karla Patricia 
245 1 0 |a Diseño del plan estratégico de la empresa solución tecnológicas S, A ubicada en la ciudad de Managua 
260 |a Managua  |b UNI  |c 2016 
300 |a 138 p. :il. 
500 |a Contiene: anexos e Incluye: CD. 
502 |a Tesis (Ingeniero de Sistemas)- UNI, 2016. 
520 3 |a Presenta el diseño de un plan estratégico en la empresa Soluciones Tecnológicas A.S, ubicada en la ciudad de Managua. El plan estratégico ayudará al negocio a mantener un enfoque de futuro mediante acciones diarias que lo acerquen cada vez más a las metas que se propone y alcanzar una posición más competitiva, mejorando así el desempeño de la organización y con ello la productividad y rentabilidad. 
650 7 |a PLANIFICACION ESTRATEGICA 
650 7 |b ADMINISTRACION ESTRATEGICA 
650 7 |c ESTRATEGIA EMPRESARIAL 
650 7 |d HABILIDAD EJECUTIVA 
650 7 |e ESTRUCTURA ORGANIZACIONAL 
700 1 |a Tutor:  |b Martínez Zúniga, Leonel Antonio 
942 |c BK  |2 ddc 
991 |a TESIS 
999 |c 18569